[Event "Ungdoms-DM 2021 U12"]
[Site "Odense"]
[Date "2021.10.03"]
[Round "6"]
[White "Zander, Emil"]
[Black "Derlich, Sarah Sima"]
[Result "1-0"]
[WhiteElo "1774"]
[BlackElo "1179"]
[PlyCount "65"]
[EventDate "2021.10.01"]
[EventType "swiss (rapid)"]
[EventRounds "7"]
[EventCountry "DEN"]

1. e4 e5 2. Nf3 Nc6 3. Bc4 Bc5 4. c3 Nf6 5. d3 d6 6. Nbd2 Na5 7. Bb5+ c6 8. Ba4
b5 9. Bc2 Nb7 10. b4 Bb6 11. Nb3 Be6 12. Bg5 Rc8 13. d4 h6 14. Bh4 g5 15. Bg3
Bxb3 16. axb3 exd4 17. Nxd4 d5 18. e5 Nd7 19. e6 Qe7 20. O-O Nf6 21. Nf5 Qd8
22. Re1 fxe6 23. Rxe6+ Kf8 24. Be5 Ne4 25. Bxe4 dxe4 26. Bxh8 h5 27. Qxh5 Rc7
28. Qh6+ Kf7 29. Qg6+ Kf8 30. Rf6+ Qxf6 31. Bxf6 Rd7 32. Bg7+ Kg8 33. Nh6# 1-0

[Event "Ungdoms-DM 2021 U12"]
[Site "Odense"]
[Date "2021.10.03"]
[Round "6"]
[White "Frydendahl, Noah Skotte"]
[Black "Bruntse, Kathrine Lindegaard"]
[Result "1-0"]
[WhiteElo "1241"]
[BlackElo "1415"]
[PlyCount "58"]
[EventDate "2021.10.01"]
[EventType "swiss (rapid)"]
[EventRounds "7"]
[EventCountry "DEN"]

1. e4 c5 2. Nf3 e6 3. d4 cxd4 4. Nxd4 Nc6 5. Nc3 Qc7 6. Ndb5 Qb8 7. g3 a6 8.
Nd4 Nf6 9. Be3 Be7 10. h3 Qc7 11. Bg2 Na5 12. Qd3 Nc4 13. b3 Nxe3 14. Qxe3 Bb4
15. Nde2 d5 16. exd5 Nxd5 17. Bxd5 Bc5 18. Nd4 e5 19. Nce2 O-O 20. Qc3 exd4 21.
Nxd4 Qe5+ 22. Ne2 Qxd5 23. Rg1 Re8 24. Rd1 Qe4 25. Rd2 Bb4 26. Qd3 Bxd2+ 27.
Qxd2 Bxh3 28. Qd3 Bg4 29. Qxe4 Rxe4 1-0

[Event "Ungdoms-DM 2021 U12"]
[Site "Odense"]
[Date "2021.10.03"]
[Round "6"]
[White "Snedker, Oliver Kaehne"]
[Black "Venkatraman, Pavan"]
[Result "1-0"]
[WhiteElo "1463"]
[BlackElo "1214"]
[PlyCount "101"]
[EventDate "2021.10.01"]
[EventType "swiss (rapid)"]
[EventRounds "7"]
[EventCountry "DEN"]

1. e4 c5 2. Nf3 d6 3. d4 cxd4 4. Nxd4 Nf6 5. Nc3 g6 6. Be3 Bg7 7. f3 O-O 8. Qd2
Nc6 9. O-O-O Bd7 10. g4 Rb8 11. Bc4 Na5 12. Bf1 Qc7 13. g5 Ne8 14. Nd5 Qd8 15.
h4 Nc7 16. Qxa5 Nxd5 17. Qxd8 Rfxd8 18. exd5 Rdc8 19. Bh3 Bxh3 20. Rxh3 a6 21.
h5 Rc7 22. c3 Rbc8 23. f4 b5 24. h6 Bh8 25. Ne2 Rc4 26. Bd4 Bxd4 27. Nxd4 b4
28. Nc6 Kf8 29. Rd4 Rc5 30. Rxb4 Rxd5 31. Rb8 Rxb8 32. Nxb8 Ra5 33. Kb1 Ra4 34.
Rf3 Ra5 35. Nc6 Rf5 36. Nd4 Rc5 37. f5 Kg8 38. fxg6 hxg6 39. Rg3 Kh7 40. Kc2 f6
41. gxf6 exf6 42. Rh3 Rh5 43. Rxh5 gxh5 44. Kd2 d5 45. Ke3 Kxh6 46. Kf4 a5 47.
b4 axb4 48. cxb4 h4 49. Kg4 Kg7 50. b5 h3 51. Kxh3 1-0

[Event "Ungdoms-DM 2021 U12"]
[Site "Odense"]
[Date "2021.10.03"]
[Round "6"]
[White "Adrovic, Dzemil"]
[Black "Andries, Leia"]
[Result "1/2-1/2"]
[WhiteElo "1086"]
[BlackElo "1192"]
[PlyCount "54"]
[EventDate "2021.10.01"]
[EventType "swiss (rapid)"]
[EventRounds "7"]
[EventCountry "DEN"]

1. d4 Nf6 2. Nf3 e6 3. g3 c5 4. Bg2 Nc6 5. Nc3 d5 6. O-O Bd7 7. Bf4 Be7 8. Nb5
O-O 9. Re1 Qb6 10. Nc3 Nxd4 11. b3 Nxf3+ 12. Bxf3 Bd6 13. Bd2 Rac8 14. e4 dxe4
15. Nxe4 Be5 16. Rb1 Bc6 17. Nxf6+ Bxf6 18. Be3 Rfd8 19. Qe2 Bxf3 20. Qxf3 Qb4
21. c4 b6 22. Qe4 Qc3 23. Qb7 Ra8 24. Red1 Qa5 25. a4 Rab8 26. Qe4 Qc3 27. Bf4
Rbc8 1/2-1/2

[Event "Ungdoms-DM 2021 U12"]
[Site "Odense"]
[Date "2021.10.03"]
[Round "7"]
[White "Medhus, Vitus Bondo"]
[Black "Bruntse, Kathrine Lindegaard"]
[Result "1-0"]
[WhiteElo "1856"]
[BlackElo "1415"]
[PlyCount "49"]
[EventDate "2021.10.01"]
[EventType "swiss (rapid)"]
[EventRounds "7"]
[EventCountry "DEN"]

1. e4 c5 2. c3 Nf6 3. e5 Nd5 4. d4 cxd4 5. cxd4 e6 6. Nc3 Nxc3 7. bxc3 Qc7 8.
Bd2 d6 9. f4 Nd7 10. Nf3 Nb6 11. Bd3 Nc4 12. Qa4+ Bd7 13. Qxc4 Qxc4 14. Bxc4 d5
15. Bd3 Rc8 16. O-O b6 17. Ba6 Rc7 18. a4 Be7 19. a5 O-O 20. axb6 axb6 21. Rfb1
Rb8 22. Bb5 Bc8 23. Ne1 f6 24. Nd3 Kf7 25. Nb4 1-0

[Event "Ungdoms-DM 2021 U12"]
[Site "Odense"]
[Date "2021.10.03"]
[Round "7"]
[White "Snedker, Oliver Kaehne"]
[Black "Zander, Emil"]
[Result "1-0"]
[WhiteElo "1463"]
[BlackElo "1774"]
[PlyCount "35"]
[EventDate "2021.10.01"]
[EventType "swiss (rapid)"]
[EventRounds "7"]
[EventCountry "DEN"]

1. e4 c5 2. Nf3 Nc6 3. d4 cxd4 4. Nxd4 Nf6 5. Nc3 e5 6. Ndb5 d6 7. Nd5 Nxd5 8.
exd5 Ne7 9. c4 a6 10. Qa4 axb5 11. Qxa8 bxc4 12. Bxc4 f5 13. f4 Qb6 14. Qa4+
Bd7 15. Qb3 Qd4 16. Be3 Qe4 17. O-O Ng6 18. Rae1 1-0

[Event "Ungdoms-DM 2021 U12"]
[Site "Odense"]
[Date "2021.10.03"]
[Round "7"]
[White "Derlich, Sarah Sima"]
[Black "Li, Anna Sofie"]
[Result "0-1"]
[WhiteElo "1179"]
[BlackElo "1340"]
[PlyCount "94"]
[EventDate "2021.10.01"]
[EventType "swiss (rapid)"]
[EventRounds "7"]
[EventCountry "DEN"]

1. e4 e6 2. d4 d5 3. e5 c5 4. c3 Nc6 5. Nf3 Qb6 6. Be2 cxd4 7. cxd4 Nh6 8. b3
Nf5 9. Bb2 Bb4+ 10. Kf1 Bd7 11. a3 Be7 12. b4 a6 13. g4 Nh6 14. h3 f6 15. Kg2
Nf7 16. Nc3 fxe5 17. dxe5 Nfxe5 18. Na4 Qc7 19. Nxe5 Nxe5 20. Rc1 Qd6 21. Nc5
Bc6 22. Kg1 O-O 23. h4 Rf4 24. Bxe5 Qxe5 25. Nd3 Qe4 26. Nxf4 Qxf4 27. Rh3 Rf8
28. f3 Bd8 29. Kg2 Bb6 30. Rh1 d4 31. Rf1 Qxg4+ 32. Kh2 Qxh4+ 33. Kg2 Qg4+ 34.
Kf2 Qh4+ 35. Kg2 Rf6 36. Bd3 Bc7 37. Rh1 Qg3+ 38. Kf1 Rxf3+ 39. Qxf3 Qxf3+ 40.
Ke1 Qxh1+ 41. Kd2 Bf4+ 42. Kc2 Ba4+ 43. Kb2 Qxc1+ 44. Ka2 Bc2 45. Bxc2 Qxc2+
46. Ka1 Bc1 47. b5 Qb2# 0-1

[Event "Ungdoms-DM 2021 U12"]
[Site "Odense"]
[Date "2021.10.03"]
[Round "7"]
[White "Bruntse, Caroline Lindegaard"]
[Black "Adrovic, Dzemil"]
[Result "1-0"]
[WhiteElo "1435"]
[BlackElo "1086"]
[PlyCount "95"]
[EventDate "2021.10.01"]
[EventType "swiss (rapid)"]
[EventRounds "7"]
[EventCountry "DEN"]

1. d4 d5 2. c4 c6 3. cxd5 cxd5 4. Nc3 Nf6 5. Bg5 Nc6 6. Bxf6 exf6 7. e3 Bf5 8.
a3 Bd6 9. Qb3 Qd7 10. Qxd5 O-O 11. Nf3 Rfe8 12. Be2 Be4 13. Qb5 Bxf3 14. Bxf3
a6 15. Bxc6 Qxc6 16. Qxc6 bxc6 17. O-O Rab8 18. Rab1 Rb7 19. Rfc1 Reb8 20. b4
g6 21. Ne4 Be7 22. Rxc6 a5 23. Nxf6+ Bxf6 24. Rxf6 axb4 25. axb4 Rxb4 26. Rxb4
Rxb4 27. g3 Kg7 28. Rc6 h5 29. h4 Rb2 30. Kg2 Rd2 31. Kf3 Kf8 32. Rc7 Kg7 33.
Rd7 Kf8 34. e4 Ke8 35. Ke3 Rxf2 36. Kxf2 Kxd7 37. Kf3 Ke6 38. Kf4 f6 39. e5 f5
40. Kg5 Kf7 41. d5 Kg7 42. e6 Kf8 43. Kxg6 Ke7 44. Kxf5 Ke8 45. Kf6 Kf8 46. d6
Ke8 47. e7 Kd7 48. Kf7 1-0